000 00469nam a2200169Ia 4500
008 240729s9999 xx 000 0 und d
022 _a2057-5696
245 0 _aMartial Arts Studies
260 _aUnited Kingdom
260 _bCardiff University Press
650 _a Recreation. Leisure
650 _a Sports
650 _aGeography. Anthropology. Recreation
856 _uhttps://doaj.org/toc/98b6d11783ba46a3a7bd0607d7f83d08
942 _2ddc
942 _cDOAJEJ
999 _c73473
_d73473
945 _a1
_bMadushi Gamage
_c1
_dMadushi Gamage